00664nam a2200205 4500999001900000005001700019010001500036020002700051035001400078037001300092082000800105100001500113245004300128260004500171270005500216300002000271500002400291942002200315952012100337 c164577d16457720190523104936.0 aENG-125273 a9788186772430c1495.00 aEN-108805 bDBAD/PUB a310 aSingh, V S aHandbook of statistics /cby V S Singh aNew DelhibNew Academic Publishersc2011 a4760-61, 23, Ansari RoadbDaryaganj, Delhie110002 a310p.c22cm(Hb) aIncludes references 2ddccENh310mSIN 001040718NFICaDBADbLd2019-05-23eDBAD/PUBg1495.00l0o310 SINpEN-108805r2019-05-23 00:00:00t1v1495.00yEN